00785nam a2200205 4500001000700000003000900007005001700016008004100033020002200074080003400096100002200130245015800152260005000310300004000360600003700400655004000437710004600477710003300523852002300556175596ES-MaACL20230906215851.0101110s2007 sp af |||| | spa d a978-84-935070-1-5 a75 Delgado, Gerardo (083.824)1 aDelgado, Gerardo.10aNoches b: exposición, XIII Encuentros Manuel de Falla, Centro Cultural Manuel de Falla, Fundación Francisco Ayala, Granada 2007 / cGerardo Delgado. aGranada : bArchivo Manuel de Falla, c[2007] a28 p., [30] p. de lám. ; c23 cm.17aDelgado, Gerardo-vExposiciones. 72tgfbneaCatálogos de exposiciones2 aCentro Cultural Manuel de Falla (Granada)2 aFundación Francisco Ayala. aES-MaACLj2285-F-6